| Tag |
First Indicator |
Second Indicator |
Subfields |
| LEADER |
00000cam a2200000 a 4500 |
| 001 |
in00001406531 |
| 005 |
20151020072740.0 |
| 008 |
970509s1998 nyua b 001 0 eng |
| 010 |
|
|
|a 97021332
|
| 020 |
|
|
|a 0471152706 (cloth : alk. paper)
|
| 035 |
|
|
|a (OCoLC)36942573
|
| 035 |
|
|
|9 AHQ3472AM
|
| 040 |
|
|
|a DLC
|c DLC
|d TXA
|d UtOrBLW
|
| 049 |
|
|
|a TXAM
|
| 050 |
0 |
0 |
|a TK5103.59
|b .N66 1998
|
| 082 |
0 |
0 |
|a 621.382/7
|2 21
|
| 245 |
0 |
0 |
|a Nonlinear optical communication networks /
|c Eugenio Iannone [and others].
|
| 264 |
|
1 |
|a New York :
|b Wiley,
|c [1998]
|
| 264 |
|
4 |
|c ©1998
|
| 300 |
|
|
|a xii, 456 pages :
|b illustrations ;
|c 25 cm.
|
| 336 |
|
|
|a text
|b txt
|2 rdacontent
|
| 337 |
|
|
|a unmediated
|b n
|2 rdamedia
|
| 338 |
|
|
|a volume
|b nc
|2 rdacarrier
|
| 490 |
1 |
|
|a Wiley series in microwave and optical engineering
|
| 500 |
|
|
|a "A Wiley-Interscience publication."
|
| 504 |
|
|
|a Includes bibliographical references and index.
|
| 650 |
|
0 |
|a Optical communications.
|
| 650 |
|
0 |
|a Nonlinear optics.
|
| 700 |
1 |
|
|a Iannone, Eugenio.
|
| 830 |
|
0 |
|a Wiley series in microwave and optical engineering.
|
| 948 |
|
|
|a c:rd
|
| 999 |
|
|
|a MARS
|
| 999 |
f |
f |
|s c839d5d7-74a7-3278-9f84-66312ee753e7
|i e7537654-c470-340a-8b14-7213d9182008
|t 0
|
| 952 |
f |
f |
|p ric
|a Texas A&M University
|b Rellis Campus
|c Joint Library Facility
|d Remote Storage
|t 0
|e TK5103.59 .N66 1998
|h Library of Congress classification
|i unmediated -- volume
|m A14823313128
|
| 998 |
f |
f |
|a TK5103.59 .N66 1998
|t 0
|l Remote Storage
|